K rovnoprávnosti mužov a žien v práve Európskej únie a v pracovnom práve Slovenskej republiky
Výklad smernice Európskej únie č. 207 z r. 1976, ktorá upravuje rovnoprávnosť mužov a žien nielen v prístupe k zamestnaniu ale aj v oblasti pracovných podmienok a profesionálneho postupu. Kvóta systému ako pozitívna forma diskriminácie. Pracovné podmienky - otázka nočnej práce žien. Smernica č. 96/3...
Guardado en:
| Autor principal: | |
|---|---|
| Formato: | Capítulo de libro |
| Lenguaje: | eslovaco |
| Materias: | |
| Etiquetas: |
Sin Etiquetas, Sea el primero en etiquetar este registro!
|
MARC
| LEADER | 00000naa a2200000 4500 | ||
|---|---|---|---|
| 001 | r038093 | ||
| 005 | 20231002080859.0 | ||
| 041 | 0 | |a slo | |
| 044 | |a SK | ||
| 245 | 1 | 0 | |a K rovnoprávnosti mužov a žien v práve Európskej únie a v pracovnom práve Slovenskej republiky |c Helena Barancová |
| 520 | |a Výklad smernice Európskej únie č. 207 z r. 1976, ktorá upravuje rovnoprávnosť mužov a žien nielen v prístupe k zamestnaniu ale aj v oblasti pracovných podmienok a profesionálneho postupu. Kvóta systému ako pozitívna forma diskriminácie. Pracovné podmienky - otázka nočnej práce žien. Smernica č. 96/34/ES o rodičovskej dovolenke. | ||
| 610 | 2 | 0 | |a právo pracovné |
| 610 | 2 | 0 | |a rovnoprávnosť |
| 610 | 2 | 0 | |a muži |
| 610 | 2 | 0 | |a ženy |
| 610 | 2 | 0 | |a smernice |
| 610 | 2 | 0 | |a Európska únia |
| 610 | 2 | 0 | |a kategórie pracovníkov |
| 610 | 2 | 0 | |a diskriminácia pracovná |
| 610 | 2 | 0 | |a podmienky pracovné |
| 610 | 2 | 0 | |a práca nočná |
| 610 | 2 | 0 | |a dovolenka materská |
| 100 | 1 | |a Barancová, Helena | |